Computer networking : a top-down approach

Αποθηκεύτηκε σε:
Λεπτομέρειες βιβλιογραφικής εγγραφής
Κύριοι συγγραφείς: Kurose, James F., Ross, Keith W., 1956- (Συγγραφέας)
Μορφή: Βιβλίο
Γλώσσα:English
Δημοσίευση: Boston : Pearson/Addison Wesley, c2008.
Έκδοση:4η έκδ.
Θέματα:
Ετικέτες: Προσθήκη ετικέτας
Δεν υπάρχουν, Καταχωρήστε ετικέτα πρώτοι!

MARC

LEADER 00000cam a2200000 i 4500
001 1/56390
008 070928s2008 mau| ||| |||| ||eng||
020 |a 9780321497703 
020 |a 0321497708 
035 |l 10091126 
040 |a GR-MyUa  |b gre  |e AACR2 
041 0 |a eng 
082 7 |a 004.678   |2 (22) 
100 1 |a Kurose, James F. 
245 1 0 |a Computer networking :   |b a top-down approach /   |c James F. Kurose, Keith W. Ross.  
250 |a 4η έκδ.  
260 |a Boston :   |b Pearson/Addison Wesley,   |c c2008.  
300 |a xxiv, 852 σ. :   |b εικ. ;   |c 24 εκ.  
504 |a Περιλαμβάνει βιβλιογραφικές παραπομπές (σ. 791-820) και ευρετήριο. 
650 0 0 |a Internet. 
650 0 0 |a Computer networks. 
700 1 |a Ross, Keith W.,   |d 1956-  |e aut 
767 0 8 |i Μεταφρασμένο ως:   |t Δικτύωση υπολογιστών :  
852 |a INST  |b SAMOS  |e 20070928  |h 004.678 KUR  |p 005300028194  |q 005300028194  |t BK  |y 0 
901 |a BIBL3-2007-3 
922 |a 3ΕΛΗ  |b 200709  |c ΕΠΕΑΕΚ2/ΤΜΠΕΣ  |d Ελευθερουδάκης 
970 |a Κοσιέρης  |b Χρήστος  |z 2007/09/28